000 00482nam a2200181Ia 4500
001 7304
005 20260306160445.0
008 260306t2016||||xx |||||||||||||| ||spa||
041 _aESP
082 _a338.5
_bL27
100 _aLa Serna Studzinski, Karlos
_eAUT
245 0 _aEjercicios de microeconomía:
_bun enfoque didáctico para un curso introductorio
260 _c2016
300 _a486 páginas :
_c22 cm.
650 _aGEN
654 _aCAN
942 _cLIB
_dJUS
_fJUS
_2ddc
_n
999 _c7304
_d7304